Drevo je zatiaľ na Slovensku, žiaľ, na okraji záujmu
BIC Bratislava, s.r.o., BIC Group, s.r.o. Bratislava a Slovtechcentrum, s.r.o. Bratislava majú v rámci projektu FEMIRC za úlohu (od EÚ) rozširovať a umiestňovať výsledky výskumu v krajinách EÚ. Nedostatočné využitie dreva v slovenskom stavebníctve. Nedostatok modernej technológie pri výrobe nábytku....
Enregistré dans:
| Auteur principal: | |
|---|---|
| Format: | Chapitre de livre |
| Langue: | slovaque |
| Sujets: | |
| Tags: |
Pas de tags, Soyez le premier à ajouter un tag!
|
MARC
| LEADER | 00000naa a2200000 4500 | ||
|---|---|---|---|
| 001 | r034752 | ||
| 005 | 20230921103209.6 | ||
| 041 | 0 | |a slo | |
| 044 | |a SK | ||
| 245 | 1 | 0 | |a Drevo je zatiaľ na Slovensku, žiaľ, na okraji záujmu |c Tomáš Kraus |
| 520 | |a BIC Bratislava, s.r.o., BIC Group, s.r.o. Bratislava a Slovtechcentrum, s.r.o. Bratislava majú v rámci projektu FEMIRC za úlohu (od EÚ) rozširovať a umiestňovať výsledky výskumu v krajinách EÚ. Nedostatočné využitie dreva v slovenskom stavebníctve. Nedostatok modernej technológie pri výrobe nábytku. Súčasný stav slovenského drevárskeho priemyslu. Lacnejšie a ekologicky prijateľnejšie je bývanie v drevenných domoch. | ||
| 610 | 2 | 0 | |a drevo |
| 610 | 2 | 0 | |a priemysel drevársky |
| 610 | 2 | 0 | |a priemysel nábytkársky |
| 610 | 2 | 0 | |a nábytok |
| 610 | 2 | 0 | |a výstavba bytová |
| 610 | 2 | 0 | |a technológie nové |
| 610 | 2 | 0 | |a Slovensko |
| 100 | 1 | |a Kraus, Tomáš | |